000 01288nam a2200385 i 4500
001 46827
003 KOSZ 005
005 20221206123210.0
008 050705s2005 pl a f f |000 0 pol
015 _aPB 2005/13056
020 _a8372414718
040 _aWA N
_cWA N
_dKOSZ 005/HR
041 0 _apol
046 _k2005
080 _a338.46
080 _a339.138
080 _a(075.8)
245 0 0 _aMarketing usług :
_bwybrane aspekty /
_cpod red. Józefa Perenca ; Uniwersytet Szczeciński.
260 _aSzczecin :
_bWydawnictwo Naukowe Uniwersytetu Szczecińskiego,
_c2005.
300 _a286 s. :
_bil., rys., wykr. ;
_c24 cm.
336 _2rdacontent
_aTekst
_btxt
337 _2rdamedia
_aBez urządzenia pośredniczącego
_bn
338 _2rdacarrier
_aWolumin
_bnc
380 _aKsiążki
388 _a2001-
504 _aBibliogr. s. 271-281.
650 4 _aMarketing
650 4 _aUsługi
655 4 _aPodręczniki akademickie
658 _aZarządzanie i marketing
700 1 _aPerenc, Józef
_d(1945- )
_eRedakcja
710 2 _aWydawnictwo Naukowe Uniwersytetu Szczecińskiego
_b
_4pbl.
856 4 1 _uhttp://koha.tu.koszalin.pl/cgi-bin/koha/opac-detail.pl?biblionumber=46827
_yKatalog online BPK
942 _2UKD
_cKS
999 _c46827
_d46827